Search the Library Catalogue
| 000 -LEADER | |
|---|---|
| fixed length control field | 01086nam a2200169Ia 4500 |
| 008 - FIXED-LENGTH DATA ELEMENTS--GENERAL INFORMATION | |
| fixed length control field | 250625s9999 xx 000 0 und d |
| 020 ## - INTERNATIONAL STANDARD BOOK NUMBER | |
| ISBN | 9780748403400 |
| 082 ## - DEWEY DECIMAL CLASSIFICATION NUMBER | |
| Classification number | 910.285 |
| Item number | FIS |
| 100 ## - MAIN ENTRY--AUTHOR NAME | |
| Personal name | Fischer, Manfred M. |
| 245 #0 - TITLE STATEMENT | |
| Title | Spatial Analytical |
| 260 ## - PUBLICATION, DISTRIBUTION, ETC. (IMPRINT) | |
| Name of publisher | CRC Press |
| Year of publication | 1996 |
| 300 ## - PHYSICAL DESCRIPTION | |
| Number of Pages | 306 pages |
| 500 ## - GENERAL NOTE | |
| General note | The ability to manipulate spatial data in different forms and to extract additional meaning from them is at the heart of GIS, yet genuine spatial analysis tools are rarely incorporated into commercial software, thus seriously limiting their usefulness. The future of GIS technology wil depend largely on the incorporation of more powerful analytical and modelling functions - and there is agreement within the GIS community of the urgent need to address these issues. This text attempts this task. It presents the latest information on incorporating spatial analysis tools into GIS, and includes concepts and applications from both the environmental and socio-econimc sciences. |
| 650 ## - SUBJECT ADDED ENTRY--TOPICAL TERM | |
| Topical Term | Technology & Engineering |
| 942 ## - ADDED ENTRY ELEMENTS (KOHA) | |
| Koha item type | English Books |
| Withdrawn status | Lost status | Damaged status | Not for loan | Home library | Current library | Shelving location | Date acquired | Full call number | Accession Number | Price effective from | Koha item type |
|---|---|---|---|---|---|---|---|---|---|---|---|
| Anna Centenary Library | Anna Centenary Library | 7TH FLOOR, B WING | 25.06.2025 | 910.285 FIS | 171552 | 25.06.2025 | English Books |